| 000 | 00839cam a2200301L 4500 | ||
|---|---|---|---|
| 001 | 73498 | ||
| 005 | 20230410105404.0 | ||
| 008 | 090720s2009 fr f 000 0 fre d | ||
| 035 | _a(OCoLC)ocn495205824 | ||
| 040 |
_aZWZ _encafnor _bfre _cZWZ |
||
| 020 | _a9782711013517 (br) | ||
| 020 | _a2711013510 (br) | ||
| 035 | _a(OCoLC)495205824 | ||
| 050 | 1 | 4 |
_aHB 501 _bL173j 2009 |
| 082 | 0 | 0 | _a330.12209051 |
| 100 | 1 | _aLagarde, Xavier. | |
| 245 | 1 | 0 |
_aJuste capitalisme : _bessai sur la volonté de croissance / _cXavier Lagarde |
| 260 |
_aParis : _bLitec, _c2009. |
||
| 300 |
_avii, 202 p. ; _c18 cm. |
||
| 440 | 0 | _aCarré droit | |
| 650 | 7 |
_aCapitalisme _xAspect social. _2ram |
|
| 650 | 0 | _acapitalism. | |
| 650 | 4 |
_aCapitalismo _y1990-. |
|
| 830 | 0 | _aCarré droit. | |
| 942 |
_2lcc _cbk |
||
| 946 | _accruz | ||
| 994 |
_aC0 _bDRFGD |
||
| 999 |
_c35701 _d35701 |
||